All Formula 1 Toleman/Benetton/Renault/Lotus/Alpine drivers - Statistics

General Stats
  • This quiz has been taken 1,570 times
    197 since last reset
  • The average score is 29 of 47
Answer Stats
Years No. of races Name Nationality % Correct
2003–06, 2008–09, 2021–22 150 Fernando Alonso Spain
98%
2020–24 106 Esteban Ocon France
97%
2023–present 70 Pierre Gasly France
94%
1991–95 68 Michael Schumacher Germany
89%
2017–19 62 Nico Hülkenberg Germany
89%
2019–20 38 Daniel Ricciardo Australia
87%
2012–13 37 Kimi Räikkönen Finland
85%
2025–present 18 Franco Colapinto Argentina
84%
2017–18 25 Carlos Sainz Spain
83%
2014–15 38 Pastor Maldonado Venezuela
83%
1984 15 Ayrton Senna Brazil
81%
2011 8 Bruno Senna Brazil
81%
1998–2001, 2005–07 120 Giancarlo Fisichella Italy
81%
2016 21 Kevin Magnussen Denmark
81%
2010 19 Robert Kubica Poland
81%
2024–25 7 Jack Doohan Australia
78%
2009, 2012–15 83 Romain Grosjean France
77%
2002–04 48 Jarno Trulli Italy
76%
2007, 2013 19 Heikki Kovalainen Finland
74%
1994 10 Jos Verstappen Netherlands
74%
2008–09 28 Nelsinho Piquet Brazil
74%
1990–91 32 Nelson Piquet Brazil
74%
2010–11 38 Vitaly Petrov Russia
74%
2004 3 Jacques Villeneuve Canada
71%
1986, 1996–97 46 Gerhard Berger Austria
69%
2001–02 34 Jenson Button United Kingdom
66%
2016–17 37 Jolyon Palmer United Kingdom
62%
1993 16 Riccardo Patrese Italy
62%
1996–97 33 Jean Alesi France
58%
1989, 1994–95 25 Johnny Herbert United Kingdom
57%
1997–2000 52 Alexander Wurz Austria
56%
2011 11 Nick Heidfeld Germany
56%
1987–88 32 Thierry Boutsen Belgium
53%
1992 16 Martin Brundle United Kingdom
49%
1994 2 JJ Lehto Finland
45%
2012 1 Jérôme d'Ambrosio Belgium
43%
1988–90 46 Alessandro Nannini Italy
42%
1984 3 Stefan Johansson Sweden
39%
1990–91 13 Roberto Moreno Brazil
31%
1982, 1985–87 59 Teo Fabi Italy
26%
1981–83 41 Derek Warwick United Kingdom
24%
1984 10 Johnny Cecotto Venezuela
24%
1984 1 Pierluigi Martini Italy
16%
1989 10 Emanuele Pirro Italy
15%
1983 15 Bruno Giacomelli Italy
13%
1981 12 Brian Henton United Kingdom
8%
1985 7 Piercarlo Ghinzani Italy
8%
No matching quizzes found
Score Distribution
Percent of People with Each Score
Percentile by Number Answered
Your Score History
You have not taken this quiz since the last reset